000 00538nam a22001695i 4500
001 68520
003 ES-MaACL
005 20230906170312.0
007 t|
008 960807s1852 fr ||||1| fre d
040 _aCAM
_bspa
_cCAM
100 1 _aGarnier, Adolphe.
_955604
245 1 0 _aTraité des facultés de l'ame
_b: comprendant l'histoire des principales théories psychologiques /
_cpar Adolphe Garnier.
260 _aParis :
_bL. Hachette et Cie.,
_c1852 (
_fCrapelet)
300 _a3 v. ;
_c23 cm.
852 _aES-MaACL
_jG-8163-5
999 _c68520
_d68520